000 00537nam a2200217Ia 4500
003 OSt
005 20220928145036.0
006 a|||||r|||| 00| 0
007 ta
008 220927b |||||||| |||| 00| 0 eng d
024 _a78397
037 _cTextual
040 _aSDCL
_cSDCL
_beng
041 _2eng
_aeng
082 _aI21, PO
100 _aBarnett J A
_9511355
245 0 _aYeasts
_b Characteristics and identification.
260 _c2000
942 _hI21, PO
_cTEXL
_2CC
999 _c831611
_d831611